| 000 | 00615nam a2200205Ia 4500 | ||
|---|---|---|---|
| 008 | 140626s9999 xx 000 0 und d | ||
| 100 | _aSheng, Shibin.. | ||
| 245 | 4 |
_aThe effects of business and political ties on firm performance : _b evidence from China / _cShibin Sheng ... [et al.]. |
|
| 260 | _cc2011. | ||
| 300 | _a75 : 1, page 1 | ||
| 440 | _aJournal of Marketing | ||
| 521 | _aBSBA | ||
| 650 | _aEmerging economy. | ||
| 650 | _aGuanxi. | ||
| 650 | _aInstitutional environment. | ||
| 650 | _aInstitutional theory. | ||
| 650 | _aRelational governance. | ||
| 650 | _aSocial ties. | ||
| 942 | _cSE | ||
| 999 |
_c121084 _d121084 |
||